[Event "Sant Adria de Besos op 2nd B"]
[Site "Sant Adria de Besos"]
[Date "2018.08.15"]
[Round "7.4"]
[White "Low, Ethan"]
[Black "Molina Hernandez, Albert"]
[Result "0-1"]
[WhiteElo "1858"]
[BlackElo "1762"]
[PlyCount "104"]
[EventDate "2018.08.10"]
[EventType "swiss"]
[EventRounds "9"]
[EventCountry "ESP"]
[SourceTitle "EXT 2024"]
[Source "ChessBase"]
[SourceDate "2023.10.10"]
[SourceVersion "1"]
[SourceVersionDate "2023.10.10"]
[SourceQuality "1"]

1. e4 c5 2. Nf3 Nc6 3. Bb5 e6 4. Bxc6 bxc6 5. d3 Be7 6. Qe2 Nf6 7. 0-0 d6 8. Ne1 0-0 9. f4 e5 10. h3 Re8 11. Nc3 exf4 12. Bxf4 Nd7 13. Nf3 f6 14. Qd2 Ne5 15. Rad1 Ng6 16. Bg3 Ba6 17. h4 Qb6 18. b3 Rad8 19. h5 Ne5 20. Nxe5 dxe5 21. Na4 Qb4 22. Be1 Bb5 23. Qc1 Qd4+ 24. Bf2 Qd7 25. Nxc5 Qg4 26. a4 Bxc5 27. Bxc5 Ba6 28. Rf5 Rd7 29. Rdf1 h6 30. Qe3 Ra8 31. Qf3 Qxf3 32. R1xf3 Rdd8 33. Rg3 Kh7 34. Rff3 Bc8 35. Kf2 Rd7 36. Ke2 Ba6 37. Kd2 Rb7 38. Kc3 Rd7 39. Rf2 Bc8 40. Rh3 Rb7 41. Rh1 Be6 42. Kd2 Bf7 43. Rff1 a6 44. Re1 g6 45. hxg6+ Kxg6 46. b4 h5 47. Re2 Be6 48. Kc1 Rab8 49. c3 Rd7 50. Kd2 Rbd8 51. Re3 Bc4 52. Rg3+ Kf7 0-1

[Event "Sant Adria de Besos op 2nd B"]
[Site "Sant Adria de Besos"]
[Date "2018.08.15"]
[Round "8.3"]
[White "Molina Hernandez, Albert"]
[Black "Martinez Buendia, Andres"]
[Result "0-1"]
[WhiteElo "1762"]
[BlackElo "1769"]
[PlyCount "108"]
[EventDate "2018.08.10"]
[EventType "swiss"]
[EventRounds "9"]
[EventCountry "ESP"]
[SourceTitle "EXT 2024"]
[Source "ChessBase"]
[SourceDate "2023.10.10"]
[SourceVersion "1"]
[SourceVersionDate "2023.10.10"]
[SourceQuality "1"]

1. e4 c5 2. Nf3 d6 3. d4 cxd4 4. Nxd4 Nf6 5. Nc3 a6 6. a4 e5 7. Nb3 Be6 8. Be2 d5 9. exd5 Nxd5 10. Nxd5 Qxd5 11. Nd2 Nc6 12. 0-0 Bc5 13. c3 0-0 14. Bc4 Qd7 15. Bxe6 Qxe6 16. Ne4 Be7 17. Be3 Rad8 18. Qe2 Rd5 19. Rad1 Rfd8 20. Rxd5 Qxd5 21. f3 f5 22. Nf2 Qb3 23. Ra1 f4 24. Bc1 Bc5 25. g3 Qd1+ 26. Qxd1 Rxd1+ 27. Kg2 Bxf2 28. Kxf2 Na5 29. b3 Nxb3 30. Rb1 Nxc1 31. Rxb7 Rd2+ 32. Ke1 Rxh2 33. gxf4 exf4 34. Rb8+ Kf7 35. Rb7+ Kg6 36. Rb6+ Kh5 37. Rxa6 Nd3+ 38. Kd1 g5 39. a5 g4 40. Ra7 h6 41. fxg4+ Kxg4 42. Rg7+ Kf3 43. a6 Ra2 44. a7 h5 45. Rd7 Nc5 46. Rh7 Kg4 47. Rg7+ Kh4 48. Re7 Nd3 49. Rf7 Kg3 50. Rg7+ Kf2 51. Rh7 Ra5 52. Rxh5 Rxa7 53. Kd2 Rd7 54. Rh2+ Kg3 0-1

[Event "Sant Adria de Besos op 2nd B"]
[Site "Sant Adria de Besos"]
[Date "2018.08.11"]
[Round "2.6"]
[White "Molina Hernandez, Albert"]
[Black "Arroyo Vega, Valenti"]
[Result "0-1"]
[WhiteElo "1762"]
[BlackElo "1845"]
[PlyCount "68"]
[EventDate "2018.08.10"]
[EventType "swiss"]
[EventRounds "9"]
[EventCountry "ESP"]
[SourceTitle "EXT 2024"]
[Source "ChessBase"]
[SourceDate "2023.10.10"]
[SourceVersion "1"]
[SourceVersionDate "2023.10.10"]
[SourceQuality "1"]

1. e4 c5 2. Nf3 Nc6 3. d4 cxd4 4. Nxd4 Qc7 5. Be3 e6 6. Be2 Nf6 7. Nd2 a6 8. 0-0 Be7 9. a4 d5 10. Nxc6 bxc6 11. e5 Qxe5 12. Nb3 Qc7 13. c4 0-0 14. cxd5 exd5 15. Rc1 Be6 16. f4 Rfe8 17. f5 Bd7 18. Bf4 Qb6+ 19. Kh1 Ne4 20. Bg3 Nxg3+ 21. hxg3 Reb8 22. Nd4 Bf6 23. Nc2 Qxb2 24. Ne1 Qe5 25. Nd3 Qxg3 26. Rf3 Qh4+ 27. Rh3 Qd4 28. Qf1 Re8 29. Rg3 Re3 30. Rg4 Re4 31. Rxe4 Qxe4 32. Qf2 Bd4 33. Qf4 Be3 34. Qxe4 dxe4 0-1

[Event "Barcelona Sant Marti op-B 19th"]
[Site "Barcelona"]
[Date "2017.07.21"]
[Round "9"]
[White "Anjali, R Sagar"]
[Black "Molina Hernandez, Albert"]
[Result "0-1"]
[WhiteElo "1724"]
[BlackElo "1840"]
[PlyCount "52"]
[EventDate "2017.07.13"]
[EventType "swiss"]
[EventRounds "9"]
[EventCountry "ESP"]
[SourceTitle "EXT 2018"]
[Source "ChessBase"]
[SourceDate "2017.10.13"]
[SourceVersion "1"]
[SourceVersionDate "2017.10.13"]
[SourceQuality "1"]

1. e4 c5 2. Nf3 Nc6 3. d4 cxd4 4. Nxd4 e5 5. Nb5 a6 6. Nd6+ Bxd6 7. Qxd6 Qf6 8. Qa3 Qg6 9. f3 Nge7 10. Be3 0-0 11. Bc5 Re8 12. Nc3 d5 13. Nxd5 Nxd5 14. exd5 Nd4 15. Bxd4 exd4+ 16. Kd2 Bf5 17. g4 Qg5+ 18. Kd1 Re3 19. Qd6 Rae8 20. Bc4 Bxg4 21. fxg4 Qxg4+ 22. Kc1 Qg5 23. Kd1 h6 24. Qb4 Qg2 25. Rf1 d3 26. Bxd3 Rxd3+ 0-1

[Event "Barcelona Sant Marti op-B 19th"]
[Site "Barcelona"]
[Date "2017.07.19"]
[Round "7"]
[White "Nilesh, Jindal"]
[Black "Molina Hernandez, Albert"]
[Result "1-0"]
[WhiteElo "1722"]
[BlackElo "1840"]
[PlyCount "55"]
[EventDate "2017.07.13"]
[EventType "swiss"]
[EventRounds "9"]
[EventCountry "ESP"]
[SourceTitle "EXT 2018"]
[Source "ChessBase"]
[SourceDate "2017.10.13"]
[SourceVersion "1"]
[SourceVersionDate "2017.10.13"]
[SourceQuality "1"]

1. d4 Nf6 2. c4 g6 3. Nf3 Bg7 4. Nc3 0-0 5. g3 d6 6. Bg2 Nbd7 7. 0-0 c5 8. e4 cxd4 9. Nxd4 a5 10. h3 Nc5 11. Be3 Bd7 12. Rc1 Rc8 13. b3 Bc6 14. Nxc6 bxc6 15. Bxc5 dxc5 16. Na4 Qd4 17. Qe2 Qe5 18. f4 Qd4+ 19. Kh2 Qd7 20. Nb6 Qa7 21. Nxc8 Rxc8 22. e5 Ne8 23. Rcd1 Bf8 24. f5 Ng7 25. fxg6 hxg6 26. e6 Nf5 27. exf7+ Kh8 28. Rxf5 1-0

[Event "Barcelona Sant Marti op-B 19th"]
[Site "Barcelona"]
[Date "2017.07.17"]
[Round "5"]
[White "Zubimendi Felip, Ricard"]
[Black "Molina Hernandez, Albert"]
[Result "0-1"]
[WhiteElo "1625"]
[BlackElo "1840"]
[PlyCount "103"]
[EventDate "2017.07.13"]
[EventType "swiss"]
[EventRounds "9"]
[EventCountry "ESP"]
[SourceTitle "EXT 2018"]
[Source "ChessBase"]
[SourceDate "2017.10.13"]
[SourceVersion "1"]
[SourceVersionDate "2017.10.13"]
[SourceQuality "1"]

1. e4 c5 2. Nf3 Nc6 3. d4 cxd4 4. Nxd4 e5 5. Nf3 Nf6 6. Bg5 Be7 7. Nc3 0-0 8. Bb5 d6 9. Bxf6 Bxf6 10. Nd5 Qa5+ 11. Nc3 Bg4 12. Bxc6 bxc6 13. Qxd6 Rfd8 14. Qxc6 Rac8 15. Qa4 Qxa4 16. Nxa4 Rxc2 17. 0-0 Bxf3 18. gxf3 Bg5 19. Rad1 Rd4 20. Rxd4 exd4 21. f4 Bxf4 22. Rd1 Be5 23. Kg2 Kf8 24. Rd3 Rc4 25. b3 Rc2 26. a3 Ke7 27. b4 Kd6 28. Nc5 Kc6 29. Nb3 Kb5 30. Nxd4+ Kc4 31. Nxc2 Kxd3 32. Ne3 Kxe4 33. a4 g6 34. b5 Bc7 35. Ng4 Kd5 36. Nf6+ Kc5 37. Nxh7 Kb4 38. Ng5 Kxa4 39. h4 Kxb5 40. Ne4 Be5 41. Kf3 a5 42. Nd2 a4 43. Nb1 Bb2 44. Kg4 a3 45. Nxa3+ Bxa3 46. Kg5 Be7+ 47. Kg4 Kc4 48. f4 Kd4 49. f5 gxf5+ 50. Kxf5 Bxh4 51. Kf4 Be7 52. Kf5 0-1

[Event "Barcelona Sant Marti op-B 18th"]
[Site "Barcelona"]
[Date "2016.07.21"]
[Round "9.15"]
[White "Lozano Ruiz, David"]
[Black "Molina Hernandez, Albert"]
[Result "1-0"]
[WhiteElo "1796"]
[BlackElo "1908"]
[PlyCount "51"]
[EventDate "2016.07.13"]
[EventType "swiss"]
[EventRounds "9"]
[EventCountry "ESP"]
[SourceTitle "EXT 2024"]
[Source "ChessBase"]
[SourceDate "2023.10.10"]
[SourceVersion "1"]
[SourceVersionDate "2023.10.10"]
[SourceQuality "1"]

1. c4 Nf6 2. Nc3 c5 3. Nf3 d5 4. Nxd5 Nxd5 5. cxd5 Qxd5 6. g3 g6 7. Bg2 Bg7 8. 0-0 0-0 9. d3 Nc6 10. a3 Rd8 11. Qc2 Be6 12. Be3 Rac8 13. Rab1 Qb3 14. Qxb3 Bxb3 15. Nd2 Ba2 16. Rbc1 Bd5 17. Rxc5 Bxg2 18. Kxg2 Bxb2 19. Rb5 Bxa3 20. Rxb7 a5 21. Nc4 Bb4 22. Ra1 Kf8 23. Nb6 Rb8 24. Nd7+ Rxd7 25. Rxd7 Bd6 26. Bf4 1-0

[Event "Sant Adria de Besos op 12th"]
[Site "Sant Adria de Besos"]
[Date "2016.05.29"]
[Round "6"]
[White "Molina Hernandez, Albert"]
[Black "Larios Jimenez, Rafael"]
[Result "1/2-1/2"]
[WhiteElo "2009"]
[BlackElo "1858"]
[PlyCount "86"]
[EventDate "2016.04.10"]
[EventType "swiss"]
[EventRounds "9"]
[EventCountry "ESP"]
[SourceTitle "EXT 2017"]
[Source "ChessBase"]
[SourceDate "2016.10.25"]
[SourceVersion "1"]
[SourceVersionDate "2016.10.25"]
[SourceQuality "1"]

1. d4 f5 2. Nf3 e6 3. c4 Nf6 4. Nc3 Bb4 5. e3 Bxc3+ 6. bxc3 b6 7. Ba3 d6 8. Bd3 Nbd7 9. Ng5 Qe7 10. 0-0 0-0 11. f3 h6 12. Nh3 Bb7 13. Qe2 c5 14. e4 fxe4 15. fxe4 e5 16. d5 Nh7 17. Rxf8+ Rxf8 18. Rf1 Bc8 19. Bc1 Ndf6 20. Nf2 Rf7 21. h3 Nf8 22. Nh1 Ng6 23. Ng3 Nh7 24. Rxf7 Qxf7 25. Qf2 Nf4 26. Bxf4 Qxf4 27. Nf5 Qxf2+ 28. Kxf2 Bxf5 29. exf5 Kf7 30. g4 Kf6 31. h4 Nf8 32. Kf3 Nd7 33. Bc2 Nb8 34. Ba4 Na6 35. Bb5 Nc7 36. Bc6 Na6 37. Bb5 Nc7 38. Bc6 a6 39. a4 a5 40. Bd7 Na6 41. Bc8 Nc7 42. Bd7 Na6 43. Ke4 Nc7 1/2-1/2

[Event "Sant Adria de Besos op 12th"]
[Site "Sant Adria de Besos"]
[Date "2016.04.17"]
[Round "2"]
[White "Molina Hernandez, Albert"]
[Black "Serrano Pertinez, Miquel"]
[Result "0-1"]
[WhiteElo "2009"]
[BlackElo "2241"]
[PlyCount "80"]
[EventDate "2016.04.10"]
[EventType "swiss"]
[EventRounds "9"]
[EventCountry "ESP"]
[SourceTitle "EXT 2017"]
[Source "ChessBase"]
[SourceDate "2016.10.25"]
[SourceVersion "1"]
[SourceVersionDate "2016.10.25"]
[SourceQuality "1"]

1. Nf3 c5 2. c4 b6 3. Nc3 Bb7 4. e4 e6 5. d4 cxd4 6. Nxd4 Nf6 7. Bg5 h6 8. Bh4 g5 9. Bg3 Nxe4 10. Nxe4 Bxe4 11. Be2 Bxg2 12. Bf3 Bb4+ 13. Ke2 Bxf3+ 14. Kxf3 0-0 15. Nc2 Bc5 16. Kg2 Nc6 17. Qd2 d5 18. cxd5 Qxd5+ 19. Qxd5 exd5 20. Ne3 f5 21. Bc7 Bxe3 22. fxe3 Rac8 23. Bg3 d4 24. exd4 Nxd4 25. Rac1 f4 26. Bf2 Nf5 27. Rhd1 Rxc1 28. Rxc1 Rf7 29. Kf3 Kg7 30. Rc6 h5 31. h3 Kh7 32. a4 Nh6 33. a5 g4+ 34. Kg2 bxa5 35. Ra6 g3 36. Bc5 Nf5 37. Rxa5 Nh4+ 38. Kg1 f3 39. Kf1 f2 40. Bxf2 Rxf2+ 0-1

[Event "Barcelona Sant Marti op-B 17th"]
[Site "Barcelona"]
[Date "2015.07.21"]
[Round "9"]
[White "Bes Alvarez, Alex"]
[Black "Molina Hernandez, Albert"]
[Result "0-1"]
[WhiteElo "1743"]
[BlackElo "2033"]
[PlyCount "90"]
[EventDate "2015.07.13"]
[EventType "swiss"]
[EventRounds "9"]
[EventCountry "ESP"]
[SourceTitle "EXT 2016"]
[Source "ChessBase"]
[SourceDate "2015.10.08"]
[SourceVersion "1"]
[SourceVersionDate "2015.10.08"]
[SourceQuality "1"]

1. d4 Nf6 2. c4 g6 3. Nc3 Bg7 4. Nf3 0-0 5. e4 d6 6. Be2 Nbd7 7. 0-0 e5 8. d5 a5 9. Be3 b6 10. Qd2 Nc5 11. Qc2 Ng4 12. Bg5 f6 13. Bd2 f5 14. exf5 Bxf5 15. Qc1 Nd3 16. Bg5 Bf6 17. Qd2 Bxg5 18. Nxg5 Nf4 19. Nf3 Nxe2+ 20. Nxe2 Nf6 21. h3 Ne4 22. Qe3 Qf6 23. Ng3 Nc5 24. Nxf5 Qxf5 25. Rac1 Rf6 26. Nd2 Raf8 27. Nb1 Nd3 28. Rc2 Nf4 29. Rd2 Qg5 30. g4 Nxh3+ 31. Qxh3 Rf3 32. Qg2 R8f4 33. Kh1 Qh4+ 34. Qh2 Rh3 35. f3 e4 36. Nc3 exf3 37. Rdf2 Rxg4 38. Nd1 Rg2 39. Rxg2 fxg2+ 40. Kxg2 Rxh2+ 41. Kf3 Qh3+ 42. Ke4 Qxf1 43. Nc3 Rh3 44. Nb5 Qf5+ 45. Kd4 Qd3# 0-1

[Event "Barcelona Sant Marti op-B 17th"]
[Site "Barcelona"]
[Date "2015.07.16"]
[Round "4"]
[White "Molina Hernandez, Albert"]
[Black "Fleming, Andrew"]
[Result "1/2-1/2"]
[WhiteElo "2033"]
[BlackElo "2012"]
[PlyCount "145"]
[EventDate "2015.07.13"]
[EventType "swiss"]
[EventRounds "9"]
[EventCountry "ESP"]
[SourceTitle "EXT 2016"]
[Source "ChessBase"]
[SourceDate "2015.10.08"]
[SourceVersion "1"]
[SourceVersionDate "2015.10.08"]
[SourceQuality "1"]

1. d4 e6 2. c4 Nf6 3. Nf3 d5 4. Nc3 Be7 5. cxd5 exd5 6. Bf4 0-0 7. e3 c6 8. Bd3 Bg4 9. h3 Bh5 10. Qb3 Qb6 11. Nd2 Nbd7 12. 0-0 Rfe8 13. Rac1 Nf8 14. Na4 Qxb3 15. Nxb3 Bg6 16. Bxg6 Nxg6 17. Bh2 Rac8 18. Na5 b5 19. Nc5 Bxc5 20. Rxc5 Re6 21. Rfc1 Ne7 22. Nb7 Nd7 23. R5c2 Nb6 24. b3 h5 25. Bd6 Kf8 26. Rxc6 Rxd6 27. Nxd6 Rxc6 28. Rxc6 Nxc6 29. Nxb5 Ke7 30. Kf1 Kd7 31. Ke2 a6 32. Nc3 Ke6 33. f3 h4 34. Kd3 f5 35. e4 Nb4+ 36. Ke3 Nc2+ 37. Kd2 Nxd4 38. exd5+ Nxd5 39. Na4 Kd6 40. Nb2 Ne6 41. Ke1 Nef4 42. Kf2 Kc5 43. g3 hxg3+ 44. Kxg3 Kd4 45. Nc4 Ne2+ 46. Kh4 Nc1 47. Kg5 Ne7 48. Nd6 Ke5 49. Ne8 g6 50. f4+ Ke6 51. Nc7+ Kf7 52. Nxa6 Nxa2 53. Nc5 Nc3 54. Nd3 Ne4+ 55. Kh6 Ng8+ 56. Kh7 Ngf6+ 57. Kh6 Nd7 58. b4 Nc3 59. h4 Kf6 60. h5 gxh5 61. Kxh5 Nb6 62. Kh4 Nbd5 63. Kg3 Ne2+ 64. Kf3 Nd4+ 65. Kg3 Ke6 66. Nc5+ Kd6 67. Nd3 Nc2 68. Kh4 Ne1 69. Nxe1 Nxf4 70. Kg5 Ke5 71. Nf3+ Ke4 72. Nd2+ Ke5 73. Nf3+ 1/2-1/2

[Event "Sant Adria de Besos op 11th"]
[Site "Sant Adria de Besos"]
[Date "2015.06.07"]
[Round "7.9"]
[White "Dougas Chavarria, Nestor"]
[Black "Molina Hernandez, Albert"]
[Result "1-0"]
[WhiteElo "2064"]
[BlackElo "2038"]
[PlyCount "41"]
[EventDate "2015.04.12"]
[EventType "swiss"]
[EventRounds "9"]
[EventCountry "ESP"]
[SourceTitle "EXT 2024"]
[Source "ChessBase"]
[SourceDate "2023.10.10"]
[SourceVersion "1"]
[SourceVersionDate "2023.10.10"]
[SourceQuality "1"]

1. e4 c5 2. Nf3 Nc6 3. Nc3 Qc7 4. d4 cxd4 5. Nxd4 e6 6. Be3 a6 7. Qd2 Nf6 8. f3 Be7 9. 0-0-0 0-0 10. g4 d6 11. g5 Nh5 12. Be2 g6 13. f4 Ng7 14. h4 f5 15. h5 fxe4 16. Nxe4 d5 17. Nf6+ Bxf6 18. gxf6 Rxf6 19. hxg6 hxg6 20. Bd3 Nf5 21. Bxf5 1-0

[Event "Sant Adria de Besos op 11th"]
[Site "Sant Adria de Besos"]
[Date "2015.05.10"]
[Round "3.13"]
[White "Molina Hernandez, Albert"]
[Black "Asensio Graells, Ricard"]
[Result "1-0"]
[WhiteElo "2038"]
[BlackElo "1852"]
[PlyCount "61"]
[EventDate "2015.04.12"]
[EventType "swiss"]
[EventRounds "9"]
[EventCountry "ESP"]
[SourceTitle "EXT 2024"]
[Source "ChessBase"]
[SourceDate "2023.10.10"]
[SourceVersion "1"]
[SourceVersionDate "2023.10.10"]
[SourceQuality "1"]

1. d4 Nf6 2. c4 g6 3. Nc3 d6 4. e4 Nbd7 5. f3 Bg7 6. Be3 0-0 7. Qd2 c6 8. h4 h5 9. Be2 e5 10. 0-0-0 a5 11. g4 a4 12. Nh3 a3 13. b3 exd4 14. Bxd4 Qa5 15. gxh5 Nxh5 16. Bxg7 Kxg7 17. Rhg1 Nc5 18. Rg5 Bxh3 19. Rxh5 Nxb3+ 20. axb3 Qxh5 21. Rh1 Be6 22. Kb1 Qa5 23. Ka2 Rh8 24. f4 Qc5 25. f5 Bd7 26. Rh3 b5 27. cxb5 cxb5 28. Nd5 Qg1 29. Qc3+ Kg8 30. Nf6+ Kg7 31. Nh5+ 1-0

[Event "Barcelona Sant Marti op-B 16th"]
[Site "Barcelona"]
[Date "2014.07.17"]
[Round "5"]
[White "Andreu Termes, Frederic"]
[Black "Molina Hernandez, Albert"]
[Result "0-1"]
[WhiteElo "2076"]
[BlackElo "2004"]
[PlyCount "78"]
[EventDate "2014.07.13"]
[EventType "swiss"]
[EventRounds "9"]
[EventCountry "ESP"]
[SourceTitle "CBM 161 Extra"]
[Source "ChessBase"]
[SourceDate "2014.08.29"]
[SourceVersion "1"]
[SourceVersionDate "2014.08.29"]
[SourceQuality "1"]

1. c4 e5 2. g3 Nf6 3. Bg2 Nc6 4. Nc3 Be7 5. d3 d6 6. Nf3 0-0 7. h3 h6 8. 0-0 Be6 9. Be3 d5 10. cxd5 Nxd5 11. Nxd5 Bxd5 12. a3 Qd7 13. Rc1 Rfe8 14. Qc2 Rac8 15. Kh2 Bf6 16. Nd2 Bxg2 17. Kxg2 Nd4 18. Qd1 Re6 19. Ne4 Be7 20. f3 Rb6 21. b4 a5 22. Nc5 Qd5 23. Bxd4 exd4 24. Qd2 Bg5 25. Qc2 Bxc1 26. Rxc1 axb4 27. axb4 Rxb4 28. Qd2 Rb5 29. Ne4 f5 30. Nf2 Ra5 31. Rc4 Rc5 32. Qa2 Rxc4 33. dxc4 Qf7 34. Nd3 Re8 35. f4 b5 36. Ne5 Rxe5 37. fxe5 Qxc4 38. Qa8+ Kh7 39. Kf2 Qe6 0-1

[Event "Catalunya-chB"]
[Site "Spain"]
[Date "1996.11.17"]
[Round "7"]
[White "Casademunt Pina, Antoni"]
[Black "Molina Hernandez, Albert"]
[Result "1-0"]
[WhiteElo "2030"]
[BlackElo "2045"]
[PlyCount "81"]
[EventDate "1997.??.??"]
[EventType "swiss"]
[EventRounds "8"]
[EventCountry "ESP"]
[SourceTitle "EXT 2003"]
[Source "ChessBase"]
[SourceDate "2002.11.25"]
[SourceVersion "1"]
[SourceVersionDate "2002.11.25"]
[SourceQuality "1"]

1. d4 Nf6 2. Nf3 c5 3. d5 d6 4. c4 e5 5. dxe6 Bxe6 6. Nc3 Nc6 7. e4 Be7 8. Be2 0-0 9. 0-0 a6 10. a3 Rb8 11. Re1 Qc7 12. Nd5 Bxd5 13. exd5 Ne5 14. Nxe5 dxe5 15. a4 Ne8 16. Bd3 f5 17. f3 Bd6 18. Bg5 Qf7 19. h3 Qg6 20. Qd2 Nf6 21. Bxf6 Rxf6 22. g4 Re8 23. Qg2 e4 24. fxe4 fxg4 25. e5 Qxd3 26. exf6 Qd4+ 27. Kh1 Rxe1+ 28. Rxe1 g3 29. fxg7 Qxc4 30. Qe4 Qxe4+ 31. Rxe4 Kxg7 32. Re6 Bf8 33. Rb6 h5 34. Rxb7+ Kg6 35. Ra7 Kf5 36. Rxa6 Ke5 37. Ra8 Bd6 38. Rh8 Kf4 39. Kg2 Kg5 40. Rd8 Bc7 41. Rc8 1-0

[Event "Catalunya-chB"]
[Site "Spain"]
[Date "1996.10.06"]
[Round "1"]
[White "Molina Hernandez, Albert"]
[Black "Paez Jerez, Alexandre"]
[Result "1-0"]
[WhiteElo "2045"]
[BlackElo "1925"]
[PlyCount "58"]
[EventDate "1997.??.??"]
[EventType "swiss"]
[EventRounds "8"]
[EventCountry "ESP"]
[SourceTitle "EXT 2003"]
[Source "ChessBase"]
[SourceDate "2002.11.25"]
[SourceVersion "1"]
[SourceVersionDate "2002.11.25"]
[SourceQuality "1"]

1. e4 c5 2. Nf3 d6 3. d4 cxd4 4. Nxd4 a6 5. c4 Nf6 6. Nc3 e6 7. Be2 Be7 8. 0-0 0-0 9. Be3 Bd7 10. Qd2 Nc6 11. Nc2 Rc8 12. f4 Ne8 13. Rad1 Na5 14. b3 Qc7 15. Nb4 d5 16. Nbxd5 exd5 17. Nxd5 Qd6 18. e5 Qa3 19. Nxe7+ Qxe7 20. Qxd7 Qxd7 21. Rxd7 b5 22. Bb6 Nc6 23. cxb5 axb5 24. Bxb5 Rb8 25. Bxc6 Rxb6 26. Bd5 g6 27. Rc1 Rb4 28. g3 Ng7 29. Rxf7 Rxf7 1-0